Detalles MARC
| 000 -CABECERA |
| campo de control de longitud fija |
02078nam a2200385 i 4500 |
| 001 - NÚMERO DE CONTROL |
| campo de control |
000038011 |
| 003 - IDENTIFICADOR DEL NÚMERO DE CONTROL |
| campo de control |
DO-SdBNP |
| 005 - FECHA Y HORA DE LA ÚLTIMA TRANSACCIÓN |
| campo de control |
20260305073951.0 |
| 007 - CAMPO FIJO DE DESCRIPCIÓN FÍSICA--INFORMACIÓN GENERAL |
| campo de control de longitud fija |
ta |
| 008 - DATOS DE LONGITUD FIJA--INFORMACIÓN GENERAL |
| campo de control de longitud fija |
130312s2012 dr 001 0 spa d |
| 020 ## - NÚMERO INTERNACIONAL ESTÁNDAR DEL LIBRO |
| Número Internacional Estándar del Libro |
9789945869361 |
| 040 ## - FUENTE DE LA CATALOGACIÓN |
| Centro catalogador/agencia de origen |
DO-SdBNP |
| Lengua de catalogación |
spa |
| Centro/agencia transcriptor |
BNPHU |
| Normas de descripción |
rda |
| 041 ## - CÓDIGO DE LENGUA |
| Código de lengua del texto/banda sonora o título independiente |
spa |
| 082 #4 - NÚMERO DE LA CLASIFICACIÓN DECIMAL DEWEY |
| Número de clasificación |
306.349 |
| Número de documento/Ítem |
R585i 2012 |
| Número de edición |
22 |
| 100 1# - ENTRADA PRINCIPAL--NOMBRE DE PERSONA |
| Nombre de persona |
Río Moreno, Justo Lucas del, |
| Fechas asociadas al nombre |
1963- |
| 9 (RLIN) |
64407 |
| Término indicativo de función/relación |
autor |
| Código de función/relación |
aut. |
| 245 14 - MENCIÓN DE TÍTULO |
| Título |
Los inicios de la agricultura europea en el nuevo mundo 1492-1542 / |
| Mención de responsabilidad, etc. |
Justo L. del Rio Moreno ; presentación, Frank Moya Pons. |
| 250 ## - MENCIÓN DE EDICIÓN |
| Mención de edición |
Segunda edición |
| 264 ## - PRODUCCIÓN, PUBLICACIÓN, DISTRIBUCIÓN, FABRICACIÓN Y COPYRIGHT |
| Producción, publicación, distribución, fabricación y copyright |
Santo Domingo, República Dominicana : |
| Nombre del de productor, editor, distribuidor, fabricante |
Academia Dominicana de la Historia, |
| Fecha de producción, publicación, distribución, fabricación o copyright |
2012. |
| 300 ## - DESCRIPCIÓN FÍSICA |
| Extensión |
705 páginas ; |
| Dimensiones |
24 cm. |
| 336 ## - TIPO DE CONTENIDO |
| Término de tipo de contenido |
texto |
| Código de tipo de contenido |
txt |
| Fuente |
rdacontent |
| 337 ## - TIPO DE MEDIO |
| Nombre/término del tipo de medio |
sin mediación |
| Código del tipo de medio |
n |
| Fuente |
rdamedia |
| 338 ## - TIPO DE SOPORTE |
| Nombre/término del tipo de soporte |
volumen |
| Código del tipo de soporte |
nc |
| Fuente |
rdacarrier |
| 500 ## - NOTA GENERAL |
| Nota general |
Incluye datos biográficos del autor en las solapa de la cubierta. |
| 500 ## - NOTA GENERAL |
| Nota general |
Incluye referencias bibliográficas y notas al pie de las páginas. |
| 504 ## - NOTA DE BIBLIOGRAFÍA, ETC. |
| Nota de bibliografía, etc. |
Bibliografía : p. 681-698. |
| 505 0# - NOTA DE CONTENIDO CON FORMATO |
| Nota de contenido con formato |
Presentación -- |
| Título |
Introducción -- |
| -- |
I: La agricultura de subsistencia -- |
| -- |
A. La trilogía mediterránea: |
| -- |
Las crisis agraría mediterránea -- |
| -- |
La política cerealera del Estado -- |
| -- |
La introducción del trigo y otros cereales -- |
| -- |
La introducción de la vid y el olivo -- |
| -- |
B. Los cultivos de huerta: el minifundio -- |
| -- |
El proceso irradiador de las plantas -- |
| -- |
La producción hortofrutícola -- |
| -- |
B. La agricultura comercial: |
| -- |
Los comienzos de la caña azucarera -- |
| -- |
La agroindustria azucarera: análísis de los prototipos -- |
| -- |
El capital -- |
| -- |
Los trabajadores: economía y sociedad de la plantación. |
| 590 ## - NOTA LOCAL (RLIN) |
| Nota local |
Inventariado, 2018/MFF |
| 650 #4 - PUNTO DE ACCESO ADICIONAL DE MATERIA--TÉRMINO DE MATERIA |
| Término de materia o nombre geográfico como elemento de entrada |
Agricultura |
| Subdivisión geográfica |
América Latina |
| Subdivisión general |
Historia |
| 9 (RLIN) |
64408 |
| 650 #4 - PUNTO DE ACCESO ADICIONAL DE MATERIA--TÉRMINO DE MATERIA |
| Término de materia o nombre geográfico como elemento de entrada |
Cultivos tropicales |
| 9 (RLIN) |
64409 |
| 650 #4 - PUNTO DE ACCESO ADICIONAL DE MATERIA--TÉRMINO DE MATERIA |
| Término de materia o nombre geográfico como elemento de entrada |
Desarrollo de cultivos |
| Subdivisión geográfica |
América Latina |
| Subdivisión general |
Historia |
| 9 (RLIN) |
64410 |
| 650 #4 - PUNTO DE ACCESO ADICIONAL DE MATERIA--TÉRMINO DE MATERIA |
| Término de materia o nombre geográfico como elemento de entrada |
Indígenas de américa |
| Subdivisión general |
Agricultura |
| 9 (RLIN) |
64411 |
| 700 1# - PUNTO DE ACCESO ADICIONAL--NOMBRE DE PERSONA |
| Nombre de persona |
Moya Pons, Frank, |
| Fechas asociadas al nombre |
1944- |
| Término indicativo de función/relación |
presentador |
| Código de función/relación |
pr. |
| 9 (RLIN) |
2095 |
| 910 ## - DATOS DE OPCIÓN DEL USUARIO (OCLC) |
| Datos de opción del usuario |
Validado. Control de calidad EMS |
| 942 ## - ELEMENTOS DE PUNTO DE ACCESO ADICIONAL (KOHA) |
| Fuente del sistema de clasificación o colocación |
Dewey Decimal Classification |
| Tipo de ítem Koha |
Libro |